[Event "NCA-ch sf"]
[Site "Managua"]
[Date "2023.02.12"]
[Round "8.13"]
[White "Machado Garcia, Ruben Efrain"]
[Black "Pena Baltodano, Jeferson Nazareo"]
[Result "1-0"]
[WhiteElo "1725"]
[BlackElo "1577"]
[PlyCount "67"]
[EventDate "2023.01.28"]
[EventType "swiss"]
[EventRounds "9"]
[EventCountry "NCA"]
[SourceTitle "CBM 213 Extra"]
[Source "ChessBase"]
[SourceDate "2023.05.31"]
[SourceVersion "1"]
[SourceVersionDate "2023.05.31"]
[SourceQuality "1"]

1. d4 Nf6 2. c4 e6 3. Nc3 Bb4 4. Qc2 d5 5. a3 Bxc3+ 6. bxc3 0-0 7. e3 c5 8. Nf3 Nc6 9. Be2 Qa5 10. 0-0 dxc4 11. Bxc4 b5 12. Bd3 c4 13. Be2 Bb7 14. e4 Ne7 15. Nd2 Qc7 16. Bf3 Ng6 17. g3 h5 18. Re1 h4 19. Kg2 Qe7 20. a4 Nh7 21. Ba3 Qg5 22. Bxf8 Nf4+ 23. Kf1 hxg3 24. hxg3 Nd3 25. Bd6 Qh6 26. axb5 Ng5 27. Bg2 Qh2 28. Nxc4 Nxe4 29. Rxe4 f5 30. Qxd3 fxe4 31. Bxe4 Qh3+ 32. Ke2 Qh5+ 33. Bf3 Bxf3+ 34. Qxf3 1-0

[Event "NCA-ch sf"]
[Site "Managua"]
[Date "2023.02.11"]
[Round "7.18"]
[White "Lopez Masis, Kenard Evans"]
[Black "Machado Garcia, Ruben Efrain"]
[Result "0-1"]
[WhiteElo "1573"]
[BlackElo "1725"]
[PlyCount "102"]
[EventDate "2023.01.28"]
[EventType "swiss"]
[EventRounds "9"]
[EventCountry "NCA"]
[SourceTitle "CBM 213 Extra"]
[Source "ChessBase"]
[SourceDate "2023.05.31"]
[SourceVersion "1"]
[SourceVersionDate "2023.05.31"]
[SourceQuality "1"]

1. d4 Nf6 2. Bf4 g6 3. Nc3 d6 4. Nf3 Bg7 5. e4 c6 6. Be2 a6 7. Qd2 h5 8. 0-0-0 b5 9. e5 Ng4 10. Bd3 d5 11. h3 Nh6 12. Ng5 e6 13. g4 Ng8 14. gxh5 Rxh5 15. Rdg1 Ne7 16. Be2 Rh8 17. h4 Nf5 18. h5 gxh5 19. Rxh5 Rxh5 20. Bxh5 Ra7 21. Nh7 Qh4 22. Bg5 Qxh5 23. Nf6+ Bxf6 24. Bxf6 Nd7 25. Rg8+ Nf8 26. Ne2 a5 27. Rh8 Qg4 28. b3 b4 29. Kb2 Ba6 30. Nf4 Qf3 31. Nd3 Bxd3 32. cxd3 Qg4 33. Qg5 Qxd4+ 34. Kc2 Qc3+ 35. Kb1 Qxd3+ 36. Kc1 Qf1+ 37. Kb2 Qxf2+ 38. Kb1 Qe1+ 39. Kb2 Qc3+ 40. Kb1 Qc5 41. Bd8 d4 42. Rh3 Rd7 43. Bf6 d3 44. Qd2 Qc3 45. Rh2 Qxd2 46. Rxd2 Rd5 47. Kb2 c5 48. a3 Kd7 49. axb4 axb4 50. Rd1 Kc6 51. Bg5 Ng6 0-1